000 00704cam a22002413a 4500
001 39542
003 PGUSA
005 20140828083858.0
008 120427s2012||||xxu|||||s|||||000 | eng d
040 _aPGUSA
_beng
042 _adc
050 4 _aDQ
100 1 _aConway, William Martin,
_cSir,
_d1856-1937
245 1 4 _aThe Alps
_h[electronic resource] /
_cWilliam Martin, Conway
260 _bProject Gutenberg,
_c2012
506 _aPublic domain in the USA.
516 _aElectronic text
653 _aAlps -- Description and travel
700 1 _aMcCormick, A. D.
_q(Arthur David),
_d1860-
830 0 _aProject Gutenberg
_v39542
856 4 0 _uhttp://www.gutenberg.org/ebooks/39542
942 _cEB
999 _c268795
_d268795